| 000 | 00771nam a2200217Ia 4500 | ||
|---|---|---|---|
| 999 |
_c63477 _d63477 |
||
| 003 | GCL | ||
| 005 | 20240530110643.0 | ||
| 008 | 140319s9999 xx 000 0 ara d | ||
| 040 |
_aGCL / _cGCL |
||
| 082 | 0 | 4 |
_a953.071 _bح ج |
| 100 | 1 | _aالحميدى , ابوعبدالله محمد بن | |
| 245 | 1 | 0 |
_aجذوة المقتبس فى تاريخ علماء الاندلس / _cالحميدى , ابوعبدالله محمد بن |
| 260 |
_a[S.N] : _bدار الكتاب المصرى ، _c1990 |
||
| 300 | _aمتعدد | ||
| 490 |
_aسلسلة اللغات للمسافر _v0 |
||
| 650 | 0 | 4 | _aالاندلس |
| 650 | 0 | 4 | _aالتاريخ الاسلامى |
| 650 | 0 | 4 | _aالعرب فى اسبانيا |
| 700 | 1 | _aابراهيم الابيارى | |
| 942 |
_2ddc _cREF |
||